00406nam a2200157 a 4500001000400000003000900004008004100013040002800054082001500082100002200097245002500119260005200144300001000196490001900206650002300225980CO-ViMGA141112s2004 ck r 000 u spa d aCO-ViMGAbspacCO-ViMGA04a261.5 R8771 aRussell, Bertrand10aReligión y ciencia aMexico : bFondo de Cultura Económica, c1994 a172 p aBreviarios, 5514aRELIGION Y CIENCIA